Human resource management for tourism, hospitality and leisure: an international perspective (Record no. 5652)
[ view plain ]
| 000 -LEADER | |
|---|---|
| fixed length control field | 00411nam a2200133Ia 4500 |
| 008 - FIXED-LENGTH DATA ELEMENTS--GENERAL INFORMATION | |
| fixed length control field | 230104s9999||||xx |||||||||||||| ||und|| |
| 020 ## - INTERNATIONAL STANDARD BOOK NUMBER | |
| International Standard Book Number | 9781844801961 |
| 040 ## - CATALOGING SOURCE | |
| Transcribing agency | Chuka University Library |
| 050 ## - LIBRARY OF CONGRESS CALL NUMBER | |
| Classification number | TX 911.3 |
| Item number | B38 2006 |
| 100 ## - MAIN ENTRY--PERSONAL NAME | |
| Personal name | Baum, Tom |
| 9 (RLIN) | 3688 |
| 245 #0 - TITLE STATEMENT | |
| Title | Human resource management for tourism, hospitality and leisure: an international perspective |
| 260 ## - PUBLICATION, DISTRIBUTION, ETC. | |
| Place of publication, distribution, etc. | Thomson |
| Name of publisher, distributor, etc. | Bedford |
| Date of publication, distribution, etc. | 2006 |
| 942 ## - ADDED ENTRY ELEMENTS (KOHA) | |
| Koha item type | Long Loan Books |
| Withdrawn status | Lost status | Source of classification or shelving scheme | Damaged status | Not for loan | Collection | Home library | Current library | Shelving location | Date acquired | Total Checkouts | Full call number | Barcode | Date last seen | Copy number | Price effective from | Koha item type |
|---|---|---|---|---|---|---|---|---|---|---|---|---|---|---|---|---|
| Library of Congress Classification | General Collection Books | Main Campus Library | Main Campus Library | General Stacks | 04/01/2023 | TX 911.3.B38 2006 | 6996/2011 | 04/01/2023 | 4 | 04/01/2023 | Long Loan Books | |||||
| Library of Congress Classification | General Collection Books | Main Campus Library | Main Campus Library | General Stacks | 09/07/2024 | TX 911.3 .B38 2006 | 6997/2011 | 09/07/2024 | 3 | 09/07/2024 | Long Loan Books | |||||
| Library of Congress Classification | General Collection Books | Main Campus Library | Main Campus Library | General Stacks | 09/07/2024 | TX 911.3 .B38 2006 | 10265/2013 | 09/07/2024 | 2 | 09/07/2024 | Long Loan Books | |||||
| Library of Congress Classification | General Collection Books | Main Campus Library | Main Campus Library | General Stacks | 09/07/2024 | TX 911.3 .B38 2006 | 10264/2013 | 09/07/2024 | 1 | 09/07/2024 | Long Loan Books |
